000 00288nam a2200121Ia 4500
008 190802s9999 xx 000 0 und d
020 _a978-1-5011-3259-9
100 _aSteve Case
245 4 _aThe Third Wave
260 _aNew York
_bSimon & Schuster
_c2016
300 _a253:p
942 _cBK
999 _c2543
_d2543